<?xml version='1.0' encoding='UTF-8'?><?xml-stylesheet href='static/style.xsl' type='text/xsl'?><OAI-PMH xmlns="http://www.openarchives.org/OAI/2.0/" xmlns:xsi="http://www.w3.org/2001/XMLSchema-instance" xsi:schemaLocation="http://www.openarchives.org/OAI/2.0/ http://www.openarchives.org/OAI/2.0/OAI-PMH.xsd"><responseDate>2026-04-30T07:02:49Z</responseDate><request verb="GetRecord" identifier="oai:ebiltegia.mondragon.edu:20.500.11984/6255" metadataPrefix="marc">https://ebiltegia.mondragon.edu/oai/request</request><GetRecord><record><header><identifier>oai:ebiltegia.mondragon.edu:20.500.11984/6255</identifier><datestamp>2024-05-07T14:47:49Z</datestamp><setSpec>com_20.500.11984_473</setSpec><setSpec>col_20.500.11984_478</setSpec></header><metadata><record xmlns="http://www.loc.gov/MARC21/slim" xmlns:dcterms="http://purl.org/dc/terms/" xmlns:xsi="http://www.w3.org/2001/XMLSchema-instance" xmlns:doc="http://www.lyncode.com/xoai" xsi:schemaLocation="http://www.loc.gov/MARC21/slim http://www.loc.gov/standards/marcxml/schema/MARC21slim.xsd">
   <leader>00925njm 22002777a 4500</leader>
   <datafield ind2=" " ind1=" " tag="042">
      <subfield code="a">dc</subfield>
   </datafield>
   <datafield ind2=" " ind1=" " tag="720">
      <subfield code="a">AAA, NNN</subfield>
      <subfield code="e">author</subfield>
   </datafield>
   <datafield ind2=" " ind1=" " tag="260">
      <subfield code="c">2022</subfield>
   </datafield>
   <datafield ind2=" " ind1=" " tag="520">
      <subfield code="a">Gears are essential components in automotive transmissions and their performance directly depends on the flanks surface integrity. To date the gears whole production chain do not use lubricants, except the final step of finishing which adopts a huge amount of oil yet. Sustainability represents a duty and a challenge for the current manufacturing lines, therefore the elimination of oil during the grinding phase represents an alternative in the gears production chain. The main critical aspect is represented by the occurrence of grinding burns that become more likely with the absence of oil. Even if dimensional tolerances and roughness requirements could be respected, the presence of the white and dark layer, due to an excessive heat generation during grinding, reduce the mechanical surface performance and could lead to crack formation and the gear rejection. Some recent studies showed the feasibility of the gear dry grinding, but further investigations must be developed to enrich the knowledge and optimize the process. In this paper gear dry grinding tests were performed and the application of different process parameters, such as grinding wheels, feed rate and number of passes was investigated in terms of surface integrity. Beyond dimensional tolerances and roughness measurements, microstructural analysis through optical microscope and scanning electron microscope (SEM) were executed to effectively define the process configurations feasibility showing that the wheel binder hardness has more impact than porosity in dry grinding microstructural outcomes.</subfield>
   </datafield>
   <datafield ind1="8" ind2=" " tag="024">
      <subfield code="a">2666-7908</subfield>
   </datafield>
   <datafield ind1="8" ind2=" " tag="024">
      <subfield code="a">https://hdl.handle.net/20.500.11984/6255</subfield>
   </datafield>
   <datafield tag="653" ind2=" " ind1=" ">
      <subfield code="a">Dry grinding</subfield>
   </datafield>
   <datafield tag="653" ind2=" " ind1=" ">
      <subfield code="a">Gears</subfield>
   </datafield>
   <datafield tag="653" ind2=" " ind1=" ">
      <subfield code="a">Automotive transmissions</subfield>
   </datafield>
   <datafield tag="653" ind2=" " ind1=" ">
      <subfield code="a">Sustainable technology</subfield>
   </datafield>
   <datafield ind2="0" ind1="0" tag="245">
      <subfield code="a">Surface integrity evaluation within dry grinding process on automotive gears</subfield>
   </datafield>
</record></metadata></record></GetRecord></OAI-PMH>